000154749 001__ 154749
000154749 005__ 20250515083529.0
000154749 037__ $$aTAZ-TFG-2025-627
000154749 041__ $$aspa
000154749 1001_ $$aRupérez Calavera, Diego
000154749 24200 $$aTherapeutic exercise during the treatment of oncological patients with prostate cancer
000154749 24500 $$aEjercicio terapéutico durante el tratamiento del paciente oncológico con cáncer de próstata
000154749 260__ $$aZaragoza$$bUniversidad de Zaragoza$$c2025
000154749 506__ $$aby-nc-sa$$bCreative Commons$$c3.0$$uhttp://creativecommons.org/licenses/by-nc-sa/3.0/
000154749 520__ $$aEstudio de serie de casos descriptivo y prospectivo con diseño pre-post intervención, cuyo objetivo principal fue implementar y evaluar un programa de fisioterapia basado en ejercicio terapéutico, para minimizar efectos y problemas asociados al tratamiento hormonal en pacientes con cáncer de próstata.<br /><br />
000154749 521__ $$aGraduado en Fisioterapia
000154749 540__ $$aDerechos regulados por licencia Creative Commons
000154749 691__ $$a0
000154749 692__ $$a
000154749 700__ $$aCalvo Carrión, Sandra$$edir.
000154749 7102_ $$aUniversidad de Zaragoza$$bFisiatría y Enfermería$$cFisioterapia
000154749 8560_ $$f800548@celes.unizar.es
000154749 8564_ $$s466722$$uhttps://zaguan.unizar.es/record/154749/files/TAZ-TFG-2025-627.pdf$$yMemoria (spa)
000154749 909CO $$ooai:zaguan.unizar.es:154749$$pdriver$$ptrabajos-fin-grado
000154749 950__ $$a
000154749 951__ $$adeposita:2025-05-15
000154749 980__ $$aTAZ$$bTFG$$cEUCS
000154749 999__ $$a20250512115918.CREATION_DATE